Slovenský milionár: podnikavý päťdesiatnik rád investuje s vášňou

Investičné návyky, ktoré preferujú v praxi dolároví milionári na Slovensku. TOP zistenia o slovenskom dolárovom milionárovi. Skladba investičného portfólia milionárov. Najzaujímavejšie investície v porovnaní ČR vs. SR.

Saved in:
Bibliographic Details
Format: Book Chapter
Language:Slovak
Subjects:
Tags: Add Tag
No Tags, Be the first to tag this record!

MARC

LEADER 00000naa a2200000 4500
001 0250010
005 20221104113133.4
041 0 |a slo 
044 |a SK 
245 1 0 |a Slovenský milionár: podnikavý päťdesiatnik rád investuje s vášňou 
520 |a Investičné návyky, ktoré preferujú v praxi dolároví milionári na Slovensku. TOP zistenia o slovenskom dolárovom milionárovi. Skladba investičného portfólia milionárov. Najzaujímavejšie investície v porovnaní ČR vs. SR. 
610 2 0 |a stratégia investičná 
610 2 0 |a podnikatelia 
610 2 0 |a bohatstvo 
610 2 0 |a Slovensko 
610 2 0 |a Česko 
610 2 0 |a portfólio